|
|
|
|
| LEADER |
00000nab#a2200000#a#4500 |
| 001 |
000343 |
| 005 |
20190726093824.0 |
| 008 |
000508c1996####ag##################spa#d |
| 040 |
|
|
|a AR-BeUNQ
|
| 099 |
|
|
|a P-AR-REV1
|
| 100 |
1 |
|
|a Flores, Mario César
|
| 245 |
0 |
3 |
|a La dimensión estratégica de la integración regional /
|c Mario César Flores.
|
| 942 |
|
|
|c ANA
|n 0
|
| 650 |
|
7 |
|a Integración regional
|2 spines
|
| 650 |
|
7 |
|a Integración económica
|2 spines
|
| 999 |
|
|
|c 31632
|d 115432
|
| 773 |
0 |
|
|0 25834
|9 214757
|d Quilmes : Universidad Nacional de Quilmes,
|o 1045300005
|t Revista de Ciencias Sociales /
|w (AR-BeUNQ)015178
|x 0328-2643
|